El compromiso social como pedagogía. Aprendizaje y solidaridad en la escuela

Shranjeno v:
Bibliografske podrobnosti
Glavni avtor: Tapia, María Nieves (autora y compiladora)
Drugi avtorji: Bridi, Gerardo (autor), Maidana, María Paula (autora), Rial, Sergio (autor)
Format: Knjiga
Jezik:angleščina
Izdano: Bogotá, Colombia: CELAM, 2015
Serija:Misión Transformadora MT
Teme:
Oznake: Označite
Brez oznak, prvi označite!

MARC

LEADER 00000nam a22000007a 4500
003 CL-VaPUC
005 20220718115910.0
008 220422b2015 ||||| |||| 00| 0 eng d
999 |c 435476  |d 435474 
020 |a 978-958-625-807-4 
040 |c Pontificia Universidad Católica de Valparaíso 
082 0 4 |2 22  |a 371.01 TAP 2015 
100 1 |a Tapia, María Nieves  |9 577569  |e autora y compiladora 
245 1 3 |a El compromiso social como pedagogía.  |b Aprendizaje y solidaridad en la escuela 
260 |a Bogotá, Colombia:  |b CELAM,  |c 2015 
300 |a 284 páginas 
490 0 |a Misión Transformadora MT 
500 |a C1. Donación Facultad de Teología, libro pertenciente a la Profesora Eugenia Colomer (Q.E.P.D). Correo en papel 01/04/2022 
583 |c 20220422  |k Catalogador Asistente 
650 1 |a Educación  |x Aspectos sociales  |9 870854 
700 |a Bridi, Gerardo  |e autor  |9 868725 
700 |a Maidana, María Paula  |e autora  |9 868726 
700 |a Rial, Sergio  |e autor  |9 868727 
942 |2 ddc  |c BK 
952 |0 0  |1 0  |2 ddc  |4 0  |6 371_010000000000000_TAP_2015  |7 0  |8 A  |9 582744  |a BIBTEO  |b BIBTEO  |c GEN  |d 2022-04-22  |e Donación  |i 5650904  |o 371.01 TAP 2015  |p 5650904  |r 2025-01-17  |t 1  |w 2022-04-22  |y BK  |k ICR